Star Wars Oś Czasu - Statystyki

Ogólne statystyki
  • Ten quiz został rozwiązany 314 razy
  • Średni wynik to 19 z 41
Statystyki odpowiedzi
Rodzaj Wskazówka Nazwa % Poprawnych
(film) 32 BBY Mroczne Widmo
97%
(film) 22 BBY Atak Klonów
87%
(film) 19 BBY Zemsta Sithów
81%
(część serialu) 22 BBY Wojny Klonów (serial)
79%
(film) 0 BBY-0 ABY Nowa Nadzieja
68%
(film) 3 ABY Imperium Kontratakuje
66%
(film) 22 BBY Wojny Klonów (film)
65%
(film) 4 ABY Powrót Jedi
64%
(część serialu) 22 BBY Wojny Klonów (serial)
64%
(film) 1 BBY Łotr 1
61%
(część serialu) 22 BBY-19 BBY Wojny Klonów (serial)
60%
(część serialu) 68 BBY-35 BBY Opowieści Jedi
59%
(film) 35 ABY Skywalker. Odrodzenie
58%
(film) 10 BBY Han Solo
57%
(część serialu) 19 BBY Wojny Klonów (serial)
57%
(film) 34 ABY Ostatni Jedi
55%
(film) 34 ABY Przebudzenie Mocy
55%
(część serialu) 32 BBY Opowieści Jedi
54%
(serial) 5 BBY-1 BBY Rebelianci
48%
(część serialu) 9 ABY The Mandalorian
47%
(część serialu) 19 BBY Parszywa Zgraja
46%
(część serialu) 22 BBY Opowieści Jedi
44%
(gra) 14 BBY Jedi: Upadły Zakon
43%
(serial) 5 BBY Andor
42%
(część serialu) 9 ABY The Mandalorian
39%
(serial) 9 BBY Obi-Wan Kenobi
36%
(gra) 9 BBY Jedi: Ocalały
35%
(część serialu) 19 BBY-18 BBY Parszywa Zgraja
35%
(serial) 9 ABY Ahsoka
33%
(serial) 9 ABY Księga Boby Fetta
32%
(część serialu) 19 BBY Opowieści Jedi
32%
(gra) 0 BBY-5 ABY Battlefront
30%
(część serialu) 34 ABY-35 ABY Ruch Oporu
29%
(część serialu) 34 ABY Ruch Oporu
27%
(część serialu) 34 ABY Ruch Oporu
22%
(część serialu) 34 ABY Ruch Oporu
21%
(część gry) 4 ABY Battlefront II
15%
(część gry) 5 ABY Battlefront II
14%
(część gry) 34 ABY Battlefront II
14%
(gra) 4 ABY Squadrons
14%
(część gry) 34 ABY Battlefront II
12%
Nie znaleziono quizów pasujących do podanych kryteriów
Rozkład punktacji
Procent ludzi z każdym wynikiem
Percentyl według liczby udzielonych odpowiedzi
Twoja historia wyników
Nie rozwiązałeś tego quizu